| 000 | 00665nam a2200229Ia 4500 | ||
|---|---|---|---|
| 003 | OSt | ||
| 005 | 20220928124606.0 | ||
| 006 | a|||||r|||| 00| 0 | ||
| 007 | ta | ||
| 008 | 220927b |||||||| |||| 00| 0 eng d | ||
| 024 | _a73805 | ||
| 037 | _cTextual | ||
| 040 |
_aSDCL _cSDCL _beng |
||
| 041 |
_2eng _aeng |
||
| 082 | _aY15-31:6.1(X)'N8, M5 | ||
| 100 |
_aAhmed Iftikhar Ed. _9466340 |
||
| 245 | 0 |
_aTechnology and rural women _b Conceptual and empirical issues. |
|
| 260 |
_aLondon _bGeorge Allen-Unwin _c1985 |
||
| 300 |
_axvi,383p _ccm. |
||
| 942 |
_hY15-31:6.1(X)'N8, M5 _cTEXL _2CC |
||
| 999 |
_c779195 _d779195 |
||